000 00299nam a22001097a 4500
008 160420b xxu||||| |||| 00| 0 eng d
020 _a9780803640764
041 _aeng
080 _a618.2
245 _aFundamentals of Nursing:
_cJudith M.Wilkinson ;Leslie S. Treas; Karen L.Barnett;
942 _2udc
_cBK
999 _c1446
_d1446